000 00492nam a2200193Ia 4500
005 20240823053142.0
008 240823s9999||||xx |||||||||||||| ||und||
020 _a978-1-4200-7528-1
041 _aENGLISH
082 _A621.4356 Q5
100 _aTravis S Taylor
245 0 _aIntroduction to Rocket Science and Engineering
250 _a1st
260 _c2015
_bCRC Taylor&Fr
500 _aYES
650 _aRocket Science
_bAeronautical Engineering
942 _cBK
999 _c223520
_d223520